Statistics for Autonomous Regions

Click here to take the quiz!

General Stats

  • This quiz has been taken 31 times
  • The average score is 58 of 216

Answer Stats

CountryFormAnswer% Correct
MyanmarSelf-Administered ZoneWa
80%
Antigua & BarbudaAutonomous IslandBarbuda
76%
SpainAutonomous CommunityCatalonia
76%
ItalyAutonomous RegionSicily
76%
ArgentinaAutonomous CityBuenos Aires
72%
UkraineAutonomous RepublicCrimea
72%
DenmarkAutonomous TerritoryFaroe Islands
72%
ChinaSpecial Administrative RegionHong Kong
72%
ChinaSpecial Administrative RegionMacau
72%
MexicoAutonomous CityMexico City
72%
Russia(Autonomous) RepublicRepublic of Crimea
72%
ChinaAutonomous RegionTibet
72%
United KingdomCrown DependencyIsle of Man
68%
FranceCollectivity Special Sui GenerisNew Caledonia
68%
GeorgiaAutonomous RepublicAbkhazia
64%
FranceSingle Territorial CollectivityFrench Guiana
64%
PalestinePalestinian Interim Self-Government AuthorityGaza Strip
64%
DenmarkAutonomous TerritoryGreenland
64%
ChinaAutonomous RegionInner Mongolia
64%
FranceSingle Territorial CollectivityMartinique
64%
United KingdomUK Constituent Country with DevolutionNorthern Ireland
64%
ItalyAutonomous RegionSardinia
64%
United KingdomUK Constituent Country with DevolutionScotland
64%
GeorgiaProvisional Administrative EntitySouth Ossetia
64%
Trinidad and TobagoAutonomous IslandTobago
64%
United KingdomUK Constituent Country with DevolutionWales
64%
United KingdomBritish Overseas TerritoryBritish Virgin Islands
60%
Bosnia and HerzegovinaEntityFederation of Bosnia and Herzegovina
60%
United KingdomCrown DependencyGuernsey
60%
United KingdomCrown DependencyJersey
60%
FranceSingle Territorial CollectivityMayotte
60%
São Tomé and PríncipeAutonomous RegionPríncipe
60%
United States of AmericaCommonwealthPuerto Rico
60%
MoldovaAutonomous Territorial UnitTransnistria
60%
PalestinePalestinian Interim Self-Government AuthorityWest Bank
60%
TanzaniaRevolutionary GovernmentZanzibar
60%
New ZealandState in Free-AssociationCook Islands
56%
FranceSingle Territorial CollectivityCorsica
56%
NetherlandsAutonomous CountryCuraçao
56%
United KingdomBritish Overseas TerritoryFalkland Islands
56%
FranceOverseas CountryFrench Polynesia
56%
IraqAutonomous RegionKurdistan
56%
SpainAutonomous CommunityMadrid
56%
New ZealandState in Free-AssociationNiue
56%
NetherlandsAutonomous CountryAruba
52%
PortugalAutonomous RegionAzores
52%
SpainAutonomous CommunityBalearic Islands
52%
SpainAutonomous CommunityBasque Country
52%
SpainAutonomous CommunityCanary Islands
52%
United KingdomBritish Overseas TerritoryGibraltar
52%
CambodiaAutonomous MunicipalityPhnom Penh
52%
FranceOverseas CollectivitySaint Martin
52%
FranceOverseas CollectivitySaint Pierre and Miquelon
52%
SpainAutonomous CommunityCastile and Léon
48%
IndonesiaSpecial Autonomous Region | Special Capital RegionJakarta
48%
Saint Kitts and NevisAutonomous IslandNevis
48%
NetherlandsAutonomous CountrySint Maarten
48%
FinlandAutonomous ProvinceÅland
44%
Guinea-BissauAutonomous SectorBissau
44%
SpainAutonomous CommunityCastile-La Mancha
44%
SerbiaAutonomous ProvinceKosovo
44%
IsraelInterim Administrative AuthorityPalestine
44%
UzbekistanAutonomous CityTashkent
44%
New ZealandSelf-Administering TerritoryTokelau
44%
SpainAutonomous CommunityValencian Community
44%
ChinaAutonomous RegionXinjiang
44%
United KingdomBritish Overseas TerritoryAnguilla
40%
Central African RepublicAutonomous CommuneBangui
40%
United KingdomBritish Overseas TerritoryCayman Islands
40%
Russia(Autonomous) RepublicChechnya
40%
Russia(Autonomous) RepublicDagestan
40%
SpainAutonomous CommunityGalicia
40%
United KingdomBritish Overseas TerritoryMontserrat
40%
SpainAutonomous CommunityNavarre
40%
FranceOverseas CollectivitySaint Barthélemy
40%
IndonesiaSpecial Autonomous RegionWest Papua
40%
SpainAutonomous CommunityAragon
36%
ItalyAutonomous RegionFriuli-Venezia Giulia
36%
PortugalAutonomous RegionMadeira
36%
GreeceAutonomous Monastic StateMount Athos
36%
SpainAutonomous CommunityMurcia
36%
Bosnia and HerzegovinaEntityRepublika Srpska
36%
FranceOverseas CollectivityWallis and Futuna
36%
SpainAutonomous CommunityAndalusia
32%
ItalyAutonomous RegionAosta Valley
32%
Uzbekistan(Autonomous) RepublicKarakalpakstan
32%
Bolivia(Autonomous) DepartmentLa Paz
32%
United States of AmericaCommonwealthNorthern Mariana Islands
32%
IndonesiaSpecial Autonomous RegionPapua
32%
IndonesiaSpecial RegionAceh
28%
GeorgiaAutonomous RepublicAdjara
28%
SpainAutonomous CommunityAsturias
28%
United KingdomBritish Overseas TerritoryBermuda
28%
Papua New GuineaAutonomous RegionBougainville
28%
SpainAutonomous CityCeuta
28%
TajikistanAutonomous ProvinceGorno-Badakhshan
28%
ChinaAutonomous PerfectureHainan
28%
RussiaAutonomous ProvinceJewish Autonomous Oblast
28%
Russia(Autonomous) RepublicKarelia
28%
ItalyAutonomous ProvinceTrentino
28%
SerbiaAutonomous ProvinceVojvodina
28%
SpainAutonomous CommunityCantabria
24%
MoldovaAutonomous Territorial UnitGăgăuzia
24%
ComorosAutonomous IslandGrande Comore
24%
RussiaAutonomous DistrictNenets
24%
SomaliaAutonomous RegionPuntland
24%
MauritiusAutonomous IslandRodrigues
24%
RussiaAutonomous DistrictYamalo-Nenets
24%
ComorosAutonomous IslandAnjouan
20%
SpainAutonomous CommunityExtremadura
20%
ChinaAutonomous RegionGuangxi
20%
Russia(Autonomous) RepublicMari El
20%
SpainAutonomous CityMelilla
20%
ChinaAutonomous RegionNingxia
20%
FijiAutonomous RegionRotuma
20%
NicaraguaAutonomous RegionAtlántico Norte
16%
NicaraguaAutonomous RegionAtlántico Sur
16%
PhilippinesAutonomous RegionBangsamoro
16%
South KoreaSpecial Autonomous ProvinceJejudo
16%
SpainAutonomous CommunityLa Rioja
16%
AzerbaijanAutonomous RepublicNakchivan
16%
Russia(Autonomous) RepublicNorth Ossetia-Alania
16%
Russia(Autonomous) RepublicSakha Republic
16%
Russia(Autonomous) RepublicAltai Republic
12%
Russia(Autonomous) RepublicKalmykia
12%
Russia(Autonomous) RepublicKomi
12%
Bolivia(Autonomous) DepartmentSanta Cruz
12%
ItalyAutonomous ProvinceSouth Tyrol
12%
Russia(Autonomous) RepublicTatarstan
12%
Russia(Autonomous) RepublicTuva
12%
Russia(Autonomous) RepublicAdygea
8%
Russia(Autonomous) RepublicBashkortostan
8%
Russia(Autonomous) RepublicBuryatia
8%
Russia(Autonomous) RepublicChuvashia
8%
Bolivia(Autonomous) DepartmentCochabamba
8%
Russia(Autonomous) RepublicIngushetia
8%
Russia(Autonomous) RepublicKabardino-Balkaria
8%
Russia(Autonomous) RepublicKarachay-Cherkessia
8%
Russia(Autonomous) RepublicKhakassia
8%
RussiaAutonomous DistrictKhanty-Mansi
8%
ComorosAutonomous IslandMohéli
8%
Russia(Autonomous) RepublicMordovia
8%
Russia(Autonomous) RepublicUdmurtia
8%
IndonesiaSpecial RegionYogyakarta
8%
FranceSingle Territorial CollectivityAlsace
4%
Bolivia(Autonomous) DepartmentBeni
4%
RussiaAutonomous DistrictChukotka
4%
Bolivia(Autonomous) DepartmentChuquisaca
4%
ChinaAutonomous PerfectureDali
4%
PanamaIndigenous TerritoryKuna de Wargandí
4%
PanamaIndigenous TerritoryKuna Yala
4%
IndiaAutonomous District and Territorial CouncilMara
4%
MyanmarSelf-Administered ZoneNaga
4%
Bolivia(Autonomous) DepartmentOruro
4%
Bolivia(Autonomous) DepartmentPando
4%
MyanmarSelf-Administered ZonePa-O
4%
Bolivia(Autonomous) DepartmentPotosi
4%
South KoreaSpecial Autonomous CitySejong
4%
CambodiaAutonomous MunicipalitySihanoukville
4%
Bolivia(Autonomous) DepartmentTarija
4%
ChinaAutonomous PerfectureYanbian
4%
ChinaAutonomous PerfectureBayingolin
0%
IndiaAutonomous District and Territorial CouncilBodoland
0%
ChinaAutonomous PerfectureBortala
0%
United States of AmericaAutonomous ZoneCapitol Hill
0%
IndiaAutonomous District and Territorial CouncilChakma
0%
ChinaAutonomous PerfectureChangji
0%
IndiaAutonomous District and Territorial CouncilChurachandpur
0%
ChinaAutonomous PerfectureChuxiong
0%
MyanmarSelf-Administered ZoneDanu
0%
ChinaAutonomous PerfectureDehong
0%
IndiaAutonomous District and Territorial CouncilDeori
0%
ChinaAutonomous PerfectureDêqên
0%
IndiaAutonomous District and Territorial CouncilDima Hasao
0%
PanamaIndigenous TerritoryEmberá-Wounaan
0%
ChinaAutonomous PerfectureEnshi
0%
ChinaAutonomous PerfectureGannan
0%
IndiaAutonomous District and Territorial CouncilGaro Hills
0%
ChinaAutonomous PerfectureGarzê
0%
ChinaAutonomous PerfectureGolog
0%
IndiaAutonomous District and Territorial CouncilGorkhaland
0%
BoliviaAutonomous ProvinceGran Chaco
0%
ChinaAutonomous PerfectureHaibei
0%
ChinaAutonomous PerfectureHaixi
0%
ChinaAutonomous PerfectureHonghe
0%
ChinaAutonomous PerfectureHuangnan
0%
ChinaAutonomous PerfectureIli
0%
IndiaAutonomous District and Territorial CouncilJaintia Hills
0%
IndiaAutonomous District and Territorial CouncilKarbi Anglong
0%
IndiaAutonomous District and Territorial CouncilKargil Hills
0%
CambodiaAutonomous MunicipalityKep
0%
IndiaAutonomous District and Territorial CouncilKhasi Hills
0%
ChinaAutonomous PerfectureKizilsu
0%
MyanmarSelf-Administered ZoneKokang
0%
IndiaAutonomous District and Territorial CouncilLai
0%
IndiaAutonomous District and Territorial CouncilLeh Hills
0%
ChinaAutonomous PerfectureLiangshan
0%
ChinaAutonomous PerfectureLinxia
0%
IndiaAutonomous District and Territorial CouncilMising
0%
ChinaAutonomous PerfectureNgawa
0%
PanamaIndigenous TerritoryNgöbe-Buglé
0%
IndiaAutonomous District and Territorial CouncilNorth Sentinel Island
0%
ChinaAutonomous PerfectureNujiang
0%
CambodiaAutonomous MunicipalityPailin
0%
MyanmarSelf-Administered ZonePa Laung
0%
ChinaAutonomous PerfectureQiandongnan
0%
ChinaAutonomous PerfectureQiannan
0%
ChinaAutonomous PerfectureQianxinan
0%
IndiaAutonomous District and Territorial CouncilRabha Hasong
0%
IndiaAutonomous District and Territorial CouncilSadar Hills
0%
IndiaAutonomous District and Territorial CouncilTripura Tribal Areas
0%
ChinaAutonomous PerfectureWenshan
0%
ChinaAutonomous PerfectureXiangxi
0%
ChinaAutonomous PerfectureXishuangbanna
0%
ChinaAutonomous PerfectureYushu
0%

Score Distribution

Percentile by Number Answered

Percent of People with Each Score

Your Score History

You have not taken this quiz